000 01124nam0a22002771 4500
001 rc\2775948
005 20250806204800.0
035 _a(NLR Aleph) 006902238
090 _a30812
_c30812
100 _a20110915d1941 u y0rusy50 ca
101 0 _arus
102 _aRU
105 _aag z |||||
200 1 _aНа школьной сцене
_eСб. в помощь дет. худож. самодеятельности
_fСоставители: Н. Зеленская, З. Каменкович
210 _aРостов-на-Дону
_cРостиздат
_d1941
215 _a208 с.
_cил., нот.
_d17 см.
300 _aНа обороте тит. л. указаны составители: Н. Зеленская и З. Каменкович
702 1 _aКаменкович
_bЗ.З.
_gЗлата Залмановна
_4220
702 1 _aЗеленская
_bН.О.
_gНина Осиповна
_4220
801 0 _aRU
_bNLR
_gpsbo
801 1 _aRU
_bELAR
_2rusmarc
852 _aNLR
_jЛ40 Г-1/43
942 _cBOOK
945 _aРоссийская национальная библиотека
980 _aNB
980 _aBV